000 01201nam a22002297a 4500
999 _c13019
_d13019
003 AR-CdUCM
008 190411b ||||| |||| 00| 0 spa d
040 _aMUNICIPALIDAD PROVINCIAL DEL CUSCO
_cBIBLIOTECA MUNICIPAL DEL CUSCO
082 _a869.508 /
_bG22 / 1973
100 _aGarcía Calderón, Ventura
_93435
245 _aLa venganza del cóndor /
260 _aLima :
_bEdiciones PEISA,
_c1973.
300 _a185 páginas ;
_c17 cm.
440 _aBiblioteca Peruana.
_911247
505 _aContenido: La venganza del cóndor -- La momia -- murió en su ley -- Yacu-mama -- Coca -- Amor indígena -- La selva de los venenos -- Los cerdos flacos -- Historias de caníbales -- Sacrilegio -- La llama blanca -- Fue en el Perú -- En los cañaverales -- Chamico -- Luna de miel -- A la criollita -- El ahogado -- El despenador -- El hombre de los cuarenta y ocho hijos -- Viernes Santo criollo -- Un sonador -- El entierro -- Cuento de mi vieja Lima -- Los males del señor Obispo.
650 _aLiteratura Peruana
_9132
650 _aSiglo XX
_98
650 _aCuentos
_9217
710 _aGobierno Revolucionario del Perú (auspicio).
_931040
942 _2ddc
_cLIBROS
945 _aachl
_d2019-04-11